000 00772nam0a22002291 4500
001 rc\508990
005 20250621112659.0
035 _a(NLR Aleph) 005749178
090 _a4821301
_c4821301
100 _a20030616d1987 |||y0rusy50 ca
101 0 _arus
102 _aRU
105 _ay |||||||||
200 1 _aПартия октябристов в период первой российской революции
_fОтв. ред. С.В. Тютюкин
_gАН СССР, Ин-т истории СССР
210 _aМ.
_cНаука
_d1987
215 _a157, [1] с.
_d20
700 1 _aШелохаев
_bВ.В.
_gВалентин Валентинович
801 0 _aRU
_bNLR
_gpsbo
801 1 _aRU
_bELAR
_2rusmarc
852 _aNLR
_j87-3/14375
942 _cBOOK
980 _aNB